Ratanlal & Dhirajlal: The law of Torts/ (Record no. 199069)

MARC details
000 -LEADER
fixed length control field 00592nam a22001817a 4500
010 ## - LCCN (DPL NO)
LC control number ENG-138347
020 ## - INTERNATIONAL STANDARD BOOK NUMBER
International Standard Book Number 9788119403059
Terms of availability 1095.00
035 ## - SYSTEM CONTROL NUMBER
System control number EN-121879
037 ## - SOURCE OF ACQUISITION
Source of stock number/acquisition DBAD/PUB
082 ## - DEWEY DECIMAL CLASSIFICATION NUMBER
Classification number 346.5403
100 ## - MAIN ENTRY--PERSONAL NAME
Personal name Sapre, Akshay
245 ## - TITLE STATEMENT
Title Ratanlal & Dhirajlal: The law of Torts/
Statement of responsibility, etc by Akshay Sapre
Medium English
260 ## - PUBLICATION, DISTRIBUTION, ETC. (IMPRINT)
Place of publication, distribution, etc Haryana
Name of publisher, distributor, etc Lexis Nexis
Date of publication, distribution, etc 2023
270 ## - ADDRESS
Address 14th floor,Building No 10,Tower-B Cyber City,Phase-II,
City Haryana
Telephone number 1244774444
Fax number 1244774100
300 ## - PHYSICAL DESCRIPTION
Extent ccxxi,880p.
Dimensions 25cm(pbk)
760 ## - MAIN SERIES ENTRY
Edition 29th Ed
942 ## - ADDED ENTRY ELEMENTS (KOHA)
Source of classification or shelving scheme Dewey Decimal Classification
Item type English Books
Edition 29
Classification part 346.5403
Call number suffix SAP
Holdings
Withdrawn status Lost status Not for loan Collection code Home library Current library Date acquired Source of acquisition Cost, normal purchase price Full call number Barcode Copy number Cost, replacement price Koha item type
      Non-fiction Bawana Bawana 14/11/2023 DBAD/PUB 1095.00 346.5403 SAP EN-121879 1 1095.00 English Books

© Delhi Public Library
Hit Counter
free hit counter